Methods for emission spectrochemical analysis : (Record no. 3084)

MARC details
000 -LEADER
fixed length control field 01077nac a22002771i 4500
003 - CONTROL NUMBER IDENTIFIER
control field EG-ScBUE
005 - DATE AND TIME OF LATEST TRANSACTION
control field 20250729093025.0
008 - FIXED-LENGTH DATA ELEMENTS--GENERAL INFORMATION
fixed length control field 250729s1964 paua f b 000 0 eng d
035 ## - SYSTEM CONTROL NUMBER
System control number (OCoLC)2771100
040 ## - CATALOGING SOURCE
Original cataloging agency EG-ScBUE
Language of cataloging eng
Description conventions rda
Transcribing agency EG-ScBUE
Modifying agency EG-ScBUE
082 04 - DEWEY DECIMAL CLASSIFICATION NUMBER
Classification number 543.0858
Edition number 22
Item number MET
110 2# - MAIN ENTRY--CORPORATE NAME
Corporate name or jurisdiction name as entry element ASTM Committee E-2 on Emission Spectroscopy.
245 10 - TITLE STATEMENT
Title Methods for emission spectrochemical analysis :
Remainder of title general practices, nomenclature, tentative methods, suggested methods.
250 ## - EDITION STATEMENT
Edition statement Fourth edition.
264 #1 - PUBLICATION, DISTRIBUTION, ETC. (IMPRINT)
Place of publication, distribution, etc Philadelphia :
Name of publisher, distributor, etc American Society for Testing and Materials,
Date of publication, distribution, etc 1964.
300 ## - PHYSICAL DESCRIPTION
Extent xvi, 868 pages :
Other physical details illustrations ;
Dimensions 24 cm
336 ## - CONTENT TYPE
Source rdacontent
Content type term text
Content type code txt
337 ## - MEDIA TYPE
Media type term unmediated
Source rdamedia
Media type code n
338 ## - CARRIER TYPE
Carrier type term volume
Carrier type code nc
Source rdacarrier
500 ## - GENERAL NOTE
General note Previous editions issued by the society under its earlier name: American Society for Testing Materials.
504 ## - BIBLIOGRAPHY, ETC. NOTE
Bibliography, etc Includes bibliographical references.
650 #7 - SUBJECT ADDED ENTRY--TOPICAL TERM
Topical term or geographic name as entry element Spectrum analysis.
Source of heading or term BUEsh
655 ## - INDEX TERM--GENRE/FORM
Form subdivision Reading book
942 ## - ADDED ENTRY ELEMENTS (KOHA)
Koha item type Book - Borrowing
Source of classification or shelving scheme Dewey Decimal Classification
Holdings
Withdrawn status Lost status Source of classification or shelving scheme Damaged status Not for loan Home library Current library Shelving location Date acquired Source of acquisition Total Checkouts Full call number Barcode Date last seen Koha item type
    Dewey Decimal Classification     Central Library Central Library First floor 20/03/2007 Purchase   543.0858 MET 000001124 15/07/2025 Book - Borrowing